Welche deutsche Stadt ist gesucht? #1 - Statistiken

Allgemein
  • Dieses Quiz wurde 94 mal gespielt
  • Das Durchschnittsergebnis liegt bei 9 aus 15
Antwortstatistiken
Frage Hinweis % Korrekt
In welchem Bundesland befindet sich Xanten? Die gesuchte Stadt ist eine Großstadt.
94%
Welcher größere Fluss fließt durch München? Aus der Stadt kommt ein ehemaliger Fußball-Bundesligist.
93%
Welche Discounter-Kette sitzt in Mülheim an der Ruhr und Essen? Ein bekannter Stadtteil der gesuchten Stadt heißt Schilksee.
83%
Welcher Fußballverein war vor Bayern München der letzte Deutsche Fußballmeister? Die gesuchte Stadt wurde im 13. Jahrhundert gegründet.
77%
Wie heißt das bekannte Dresdener Weihnachtsgebäck? Als Wahrzeichen der gesuchten Stadt gilt der Rathausturm.
75%
Welche Automobilmarke produziert unter Anderem in Emden und Zwickau? Die gesuchte Stadt ist eine kreisfreie Stadt.
74%
Welche Stadt besitzt ein Überseehafengebiet an der Nordsee? Im Norden der gesuchten Stadt befindet sich eine Hochbrücke.
69%
Wie heißt die bekannte Zeche in Essen? Der Bürgermeister der gesuchten Stadt heißt Ulf Kämpfer.
58%
Welche Stadt ist für ihre Porzellanmanufaktur mit blauen Schwertern berühmt? Bekannte Verkehrsknoten der Stadt wurden unter Anderem nach zwei skandinavischen Ländern benannt.
56%
Welcher nach einer Wahl angetretene Bundeskanzler hatte die kürzeste Amtszeit? Die gesuchte Stadt befindet sich nördlich des geografischen Mittelpunkt Deutschlands.
53%
Lösungsstadt Kiel
52%
Wie heißt der bekannte Urlaubsort in Lübeck? Die gesuchte Stadt besitzt einen Hafen.
41%
Welcher Dichter prägte und popularisierte erstmals das Wort „Weltliteratur“? In der gesuchten Stadt befindet sich ein Landesfunkhaus des NDR.
38%
Wie heißt der Platz östlich des Brandenburger Tors? In der gesuchten Stadt befindet sich das "Stinkviertel".
22%
Wie heißt der Nationalpark, zu dem die Kreidefelsen auf Rügen gehören? Die gesuchte Stadt erstreckt sich hufeisenförmig um ein Gewässer.
20%
Keine übereinstimmenden Quizze gefunden
Verteilung der Resultate
Anzahl Personen mit jedem Resultat
Perzentil nach korrekt beantworteten Fragen
Ihre Resultats-Entwicklung
Sie haben dieses Quiz noch nicht gespielt